<?xml version="1.0" encoding="UTF-8"?>
<record
    xmlns:xsi="http://www.w3.org/2001/XMLSchema-instance"
    xsi:schemaLocation="http://www.loc.gov/MARC21/slim http://www.loc.gov/standards/marcxml/schema/MARC21slim.xsd"
    xmlns="http://www.loc.gov/MARC21/slim">

  <leader>01171cam a2200289 i 4500</leader>
  <controlfield tag="001">TB12226</controlfield>
  <controlfield tag="003">IN-BhIIT</controlfield>
  <controlfield tag="005">20260312160649.0</controlfield>
  <controlfield tag="008">190426r20191958nyu           001 0 eng  </controlfield>
  <datafield tag="020" ind1=" " ind2=" ">
    <subfield code="a">9780486836614 (v. 1)</subfield>
  </datafield>
  <datafield tag="040" ind1=" " ind2=" ">
    <subfield code="a">IN-BhIIT</subfield>
  </datafield>
  <datafield tag="041" ind1=" " ind2=" ">
    <subfield code="a">eng</subfield>
  </datafield>
  <datafield tag="082" ind1="0" ind2="0">
    <subfield code="a">512.44</subfield>
    <subfield code="b">ZAR/C</subfield>
  </datafield>
  <datafield tag="100" ind1="1" ind2=" ">
    <subfield code="a">Zariski, Oscar,</subfield>
    <subfield code="e">Author.</subfield>
    <subfield code="9">25025</subfield>
  </datafield>
  <datafield tag="245" ind1="1" ind2="0">
    <subfield code="a">Commutative algebra /</subfield>
    <subfield code="c">Oscar Zariski and Pierre Samuel ; with the cooperation of I.S. Cohen.</subfield>
  </datafield>
  <datafield tag="250" ind1=" " ind2=" ">
    <subfield code="a">Dover edition [2019 edition].</subfield>
  </datafield>
  <datafield tag="260" ind1=" " ind2=" ">
    <subfield code="a">New York :</subfield>
    <subfield code="b">Dover Publications,</subfield>
    <subfield code="c">2019.</subfield>
  </datafield>
  <datafield tag="300" ind1=" " ind2=" ">
    <subfield code="a">2 volumes ;</subfield>
    <subfield code="c">23 cm.</subfield>
  </datafield>
  <datafield tag="490" ind1="0" ind2=" ">
    <subfield code="a">Dover books on mathematics</subfield>
  </datafield>
  <datafield tag="500" ind1=" " ind2=" ">
    <subfield code="a">Originally published: Princeton, N.J. : Van Nostrand Company, Inc., 1958-1960. Reprinted: New York : Springer-Verlag, 1975-1976.</subfield>
  </datafield>
  <datafield tag="500" ind1=" " ind2=" ">
    <subfield code="a">Includes indexes.</subfield>
  </datafield>
  <datafield tag="504" ind1=" " ind2=" ">
    <subfield code="a">Includes bibliographical references and index.</subfield>
  </datafield>
  <datafield tag="505" ind1="0" ind2=" ">
    <subfield code="a">Introductory concepts -- Elements of field theory -- Ideals and modules -- Noetherian rings -- Valuation theory -- Polynomial and power series rings -- Local algebra.</subfield>
  </datafield>
  <datafield tag="650" ind1=" " ind2="0">
    <subfield code="a">Commutative algebra</subfield>
    <subfield code="9">24975</subfield>
  </datafield>
  <datafield tag="700" ind1="1" ind2=" ">
    <subfield code="a">Samuel, Pierre,</subfield>
    <subfield code="e">Joint author.</subfield>
    <subfield code="9">25026</subfield>
  </datafield>
  <datafield tag="942" ind1=" " ind2=" ">
    <subfield code="c">TB</subfield>
    <subfield code="0">4</subfield>
  </datafield>
  <datafield tag="999" ind1=" " ind2=" ">
    <subfield code="c">14555</subfield>
    <subfield code="d">14555</subfield>
  </datafield>
  <datafield tag="952" ind1=" " ind2=" ">
    <subfield code="0">0</subfield>
    <subfield code="1">0</subfield>
    <subfield code="2">ddc</subfield>
    <subfield code="4">0</subfield>
    <subfield code="7">0</subfield>
    <subfield code="8">SBS</subfield>
    <subfield code="a">CLIITBBS</subfield>
    <subfield code="b">CLIITBBS</subfield>
    <subfield code="d">2025-01-25</subfield>
    <subfield code="e">52</subfield>
    <subfield code="g">1867.19</subfield>
    <subfield code="h">I</subfield>
    <subfield code="l">2</subfield>
    <subfield code="m">2</subfield>
    <subfield code="o">512.44 ZAR/C</subfield>
    <subfield code="p">TB12226</subfield>
    <subfield code="r">2025-12-19 10:23:15</subfield>
    <subfield code="s">2025-11-12</subfield>
    <subfield code="v">2557.80</subfield>
    <subfield code="w">2025-01-25</subfield>
    <subfield code="y">TB</subfield>
  </datafield>
  <datafield tag="952" ind1=" " ind2=" ">
    <subfield code="0">0</subfield>
    <subfield code="1">0</subfield>
    <subfield code="2">ddc</subfield>
    <subfield code="4">0</subfield>
    <subfield code="7">0</subfield>
    <subfield code="8">SBS</subfield>
    <subfield code="a">CLIITBBS</subfield>
    <subfield code="b">CLIITBBS</subfield>
    <subfield code="d">2025-01-25</subfield>
    <subfield code="e">52</subfield>
    <subfield code="g">1867.19</subfield>
    <subfield code="h">I</subfield>
    <subfield code="l">2</subfield>
    <subfield code="m">2</subfield>
    <subfield code="o">512.44 ZAR/C</subfield>
    <subfield code="p">TB12227</subfield>
    <subfield code="r">2026-05-08 14:49:36</subfield>
    <subfield code="s">2026-03-12</subfield>
    <subfield code="v">2557.80</subfield>
    <subfield code="w">2025-01-25</subfield>
    <subfield code="y">TB</subfield>
  </datafield>
</record>
